000 00283nam a22001337a 4500
003 SGT
082 _a617.3
_bO13M
100 _aMEHRA, APURV
245 _aORTHOPEDICS QUICK REVIEW
260 _aINDIA
_bJAYPEE
_c2015
300 _a277
650 _aORTHOPEDICS
942 _2ddc
_cBK
_03
999 _c10687
_d10687